تخطي إلى المحتوى

Иконография Богоматери. В 2-х томах. Том 2 Т. 2 Иконография Богоматери. В 2-х томах. Том 2

Классическое произведение, относящееся к общественному достоянию.

محفوظ في:
التفاصيل البيبلوغرافية
المؤلف الرئيسي: Кондаков Н. П.
التنسيق: Книга
اللغة:Russian
منشور في: Санкт-Петербург Лань 2013
الموضوعات:
الوصول للمادة أونلاين:http://e.lanbook.com/books/element.php?pl1_cid=25&pl1_id=32067
https://e.lanbook.com/img/cover/book/32067.jpg
الوسوم: إضافة وسم
لا توجد وسوم, كن أول من يضع وسما على هذه التسجيلة!
LEADER 01171nam0a2200253 i 4500
001 32067
003 RuSpLAN
005 20221220173915.0
008 221220s2013 ru gs 000 0 rus
020 |a 978-5-507-31063-0 
040 |a RuSpLAN 
041 0 |a rus 
044 |a ru 
245 1 |a Иконография Богоматери. В 2-х томах. Том 2  |c Кондаков Н. П.   |n Т. 2  |p Иконография Богоматери. В 2-х томах. Том 2 
260 |a Санкт-Петербург  |b Лань  |c 2013 
300 |a 461 с. 
504 |a Библиогр.: доступна в карточке книги, на сайте ЭБС Лань 
520 8 |a Классическое произведение, относящееся к общественному достоянию. 
521 8 |a Книга из коллекции Лань - Искусствоведение 
653 0 |a искусствоведение 
100 1 |a Кондаков Н. П. 
856 4 |u http://e.lanbook.com/books/element.php?pl1_cid=25&pl1_id=32067 
856 4 8 |u https://e.lanbook.com/img/cover/book/32067.jpg 
953 |a https://e.lanbook.com/img/cover/book/32067.jpg 
Cannot write session to /tmp/vufind_sessions/sess_jeka29miosrqkr5v4utlgd40h6